拼音以B开头的中国城市 Chinese cities whose pinyin begins with B - Statistics

General Stats
  • This quiz has been taken 267 times
    266 since last reset
  • The average score is 15 of 27
Answer Stats
七普人口 DWUA 省份 行政类别 城市 % Correct
190 139 河北 地级市 保定
87%
1775 1888 北京 直辖市 北京
87%
190 212 内蒙古 地级市 包头
86%
35 吉林 地级市 白山
81%
85 121 陕西 地级市 宝鸡
80%
24 吉林 地级市 白城
78%
69 91 安徽 地级市 蚌埠
78%
49 广西 地级市 百色
77%
64 58 广西 地级市 北海
76%
47 四川 地级市 巴中
74%
40 内蒙古 地级市 巴彦淖尔
73%
43 甘肃 地级市 白银
73%
34 云南 地级市 保山
70%
63 安徽 地级市 亳州
70%
74 55 山东 地级市 滨州
69%
77 74 辽宁 地级市 本溪
65%
61 贵州 地级市 毕节
64%
1 新疆 县级市 北屯
34%
16 河北 县级市 霸州
29%
暂无数据 新疆 县级市 白杨
29%
16 辽宁 县级市 北票
27%
13 黑龙江 县级市 北安
26%
13 陕西 县级市 彬州
21%
17 新疆 县级市 博乐
21%
12 辽宁 县级市 北镇
20%
28 广西 县级市 北流
19%
21 河北 县级市 泊头
14%
No matching quizzes found
Score Distribution
Percent of People with Each Score
Percentile by Number Answered
Your Score History
You have not taken this quiz since the last reset